[Event "AUTO-INT-572"]
[Site "http://www.queenalice.com/game.php?id=411910"]
[Date "2008.6.2"]
[Round "3"]
[White "victor_diniz"]
[Black "miseriapopular"]
[Result "1-0"]
[WhiteElo "1682"]
[BlackElo "1883"]

1. e4 e5 2. Nf3 Nc6 3. d4 exd4 4. Nxd4 Nge7 5. Bg5 h6 6. Bh4 g5 7. Nxc6 Nxc6 8.
Bg3 Bg7 9. Bc4 Bxb2 10. Nd2 Bxa1 11. Qxa1 Rg8 12. O-O d6 13. Qd1 Be6 14. Bxe6
fxe6 15. Qh5+ Kd7 16. Qxh6 Qe7 17. e5 Rae8 18. Ne4 Kc8 19. exd6 cxd6 20. Nxd6+
Kd8 21. Rd1 Qf8 22. Nxb7+ Kc8 23. Nd6+ Kd8 24. Nxe8+ Kxe8 25. Qxe6+ Ne7 26. Bc7
1-0

[Event "AUTO-OPEN-921"]
[Site "http://www.queenalice.com/game.php?id=419761"]
[Date "2008.6.18"]
[Round "2"]
[White "miseriapopular"]
[Black "lilars"]
[Result "1-0"]
[WhiteElo "1833"]
[BlackElo "1431"]

1. g3 e5 2. Bg2 d5 3. e3 c5 4. Ne2 Nc6 5. b3 Nf6 6. Bb2 e4 7. O-O Bg4 8. f3 exf3
9. Bxf3 Bd6 10. Bxg4 Nxg4 11. Nf4 Nce5 12. Bxe5 Bxe5 13. c3 d4 14. Nd3 Qb6 15.
Qxg4 O-O 16. Nxe5 1-0

[Event "AUTO-OPEN-921"]
[Site "http://www.queenalice.com/game.php?id=419762"]
[Date "2008.6.18"]
[Round "2"]
[White "lilars"]
[Black "miseriapopular"]
[Result "1-0"]
[WhiteElo "1401"]
[BlackElo "1863"]

1. e4 b6 2. d4 g6 3. Nc3 Bg7 4. Be3 Bb7 5. Qd2 e6 6. O-O-O Ne7 7. Nf3 a5 8. Bb5
O-O 9. Bh6 Bc6 10. Ne5 Bxb5 11. Nxb5 d6 12. Ng4 Nbc6 13. Bxg7 Kxg7 14. Qh6+ Kh8
15. Nf6 Nf5 16. Qxh7# 1-0

[Event "AUTO-OPEN-901"]
[Site "http://www.queenalice.com/game.php?id=491806"]
[Date "2008.11.11"]
[Round "3"]
[White "ayrton"]
[Black "miseriapopular"]
[Result "0-1"]
[WhiteElo "1988"]
[BlackElo "1791"]

1. e4 e5 2. Nf3 Nc6 3. c3 Nf6 4. Bd3 a6 5. O-O Bc5 6. b4 Bb6 7. Qb3 O-O 8. h3 d6
9. Bc4 Nxe4 10. d3 Nf6 11. Qa4 Bd7 12. Qa3 Nh5 13. Bg5 Qc8 14. Kh2 h6 15. Bh4
Be6 16. Bxe6 Qxe6 17. Bg3 f5 18. Kh1 Nxg3+ 19. fxg3 Ne7 20. Nbd2 Ng6 21. Rae1 f4
22. Kh2 fxg3+ 23. Kxg3 Nf4 24. d4 Qg6+ 25. Kf2 Qxg2+ 26. Ke3 exd4+ 27. cxd4
Rae8+ 28. Ne4 d5 0-1

[Event "AUTO-OPEN-901"]
[Site "http://www.queenalice.com/game.php?id=491807"]
[Date "2008.11.11"]
[Round "3"]
[White "miseriapopular"]
[Black "ayrton"]
[Result "1-0"]
[WhiteElo "1832"]
[BlackElo "1924"]

1. e4 e5 2. Nf3 Nc6 3. Bc4 Nf6 4. Nc3 Be7 5. a3 O-O 6. d3 a6 7. Bg5 h6 8. Be3 b5
9. Ba2 Bd6 10. O-O Qe7 11. Nd2 Bc5 12. Nb3 Bxe3 13. fxe3 d6 14. Qf3 Bg4 15. Qg3
Bh5 16. Nd2 g5 17. Rf2 Bg6 18. Raf1 Nh5 19. Qg4 Kg7 20. Nd5 Qd8 21. Qf3 Kg8 22.
Nf6+ Nxf6 23. Qxf6 Qxf6 24. Rxf6 Kg7 25. R6f2 Rae8 26. Bb3 Na5 27. Ba2 Re7 28.
b4 Nb7 29. Rf6 Nd8 30. Nb3 Re6 31. R6f2 Re7 32. Na5 c6 33. h3 Rc7 34. Rf6 Rd7
35. g3 Bh5 36. g4 Bg6 37. R6f2 Rc7 38. c4 Nb7 39. cxb5 Nxa5 40. b6 Rb7 41. bxa5
Rg8 42. Rc1 c5 43. Bd5 Rgb8 44. Bxb7 Rxb7 45. Rcf1 Kf8 46. Kg2 Ke8 47. Kf3 Kd7
48. d4 Kc6 49. dxc5 dxc5 50. Rb2 Rb8 51. Rd1 f6 52. Rc1 Bf7 53. b7 c4 54. Rb6+
1-0

[Event "AUTO-OPEN-901"]
[Site "http://www.queenalice.com/game.php?id=491808"]
[Date "2008.11.11"]
[Round "3"]
[White "aesnihc"]
[Black "miseriapopular"]
[Result "1/2-1/2"]
[WhiteElo "1878"]
[BlackElo "1886"]

1. h3 e5 2. c4 Nc6 3. Nc3 Nf6 4. d3 Bb4 5. Bd2 d6 6. e3 h6 7. Nf3 Be6 8. a3 Bxc3
9. Bxc3 O-O 10. Be2 a6 11. O-O Nd7 12. b4 f5 13. a4 f4 14. exf4 Rxf4 15. b5 axb5
16. axb5 Ne7 17. Bd2 Rf8 18. Qc1 Ng6 19. Rxa8 Qxa8 20. Bxh6 gxh6 21. Qxh6 Qe8
22. Ng5 Rf6 23. Qh7+ Kf8 24. Bh5 Bf7 25. Qh6+ Ke7 26. Nxf7 Qxf7 27. Qg5 Qh7 28.
Bg4 Qh4 29. Qe3 b6 30. g3 Qh8 31. f4 Qf8 32. d4 Qf7 33. dxe5 dxe5 34. f5 Ngf8
35. Qe4 Qe8 36. Bf3 Nh7 37. h4 Qf8 38. g4 Qh6 39. g5 Nxg5 40. hxg5 Qxg5+ 41. Bg2
Rh6 42. Rd1 Qh4 43. Qxh4+ Rxh4 44. Bd5 Rf4 45. Be6 Nc5 46. Rd5 Nxe6 47. Rxe5 Kf6
48. Rxe6+ Kxf5 49. Rc6 Kg4 50. Rxc7 Kg3 51. Rc6 Rd4 52. Rg6+ Kf3 53. Rxb6 Rxc4
54. Rb8 Kg3 55. Kf1 Kf3 56. Ke1 Ke3 57. Kd1 Kd3 58. b6 Rb4 59. Kc1 Kc3 60. b7
Kb3 61. Kd2 Rb6 62. Kd3 Kb4 63. Kc2 Kb5 64. Kb3 Kc6+ 65. Kc4 1/2-1/2

[Event "AUTO-OPEN-901"]
[Site "http://www.queenalice.com/game.php?id=491809"]
[Date "2008.11.11"]
[Round "3"]
[White "miseriapopular"]
[Black "aesnihc"]
[Result "1-0"]
[WhiteElo "1815"]
[BlackElo "1851"]

1. e4 c5 2. Bc4 e6 3. Nc3 d6 4. Nf3 Nc6 5. d3 Nf6 6. Bg5 Be7 7. O-O O-O 8. a3
Nd7 9. Bxe7 Qxe7 10. Qd2 a6 11. a4 b6 12. Qg5 Qxg5 13. Nxg5 h6 14. Nf3 Nde5 15.
Nxe5 Nxe5 16. Ba2 Bb7 17. f4 Ng4 18. Rf3 f5 19. Bxe6+ Kh8 20. Bd5 fxe4 21. Bxe4
Bxe4 22. Nxe4 Nf6 23. Nxd6 Nd5 24. Raf1 Rad8 25. Ne4 Rf7 26. f5 Rdf8 27. Nd6 Rf6
28. Nc4 b5 29. axb5 axb5 30. Ne5 Nb6 31. Ng6+ 1-0

[Event "AUTO-ADV-1278"]
[Site "http://www.queenalice.com/game.php?id=566632"]
[Date "2009.4.4"]
[Round "1"]
[White "miseriapopular"]
[Black "RIVAS"]
[Result "0-1"]
[WhiteElo "1916"]
[BlackElo "1996"]

1. e4 e5 2. Nc3 Nc6 3. Bc4 Nf6 4. Nf3 Bc5 5. d3 d6 6. h3 O-O 7. O-O a6 8. a3 Re8
9. Ng5 Be6 10. Ba2 Bxa2 11. Nxa2 h6 12. Nf3 d5 13. exd5 Qxd5 14. Nc3 Qe6 15. Be3
Nd4 16. Bxd4 exd4 17. Na4 Ba7 18. b4 Qd6 19. Nb2 b5 20. Re1 Rxe1+ 21. Qxe1 Re8
22. Qd2 c5 23. Re1 Rxe1+ 24. Qxe1 cxb4 25. axb4 Qe6 26. Qxe6 fxe6 27. Ne5 Bb6
28. Nd1 Nd5 29. Nc6 Bc7 30. Nxd4 Nxb4 31. Nxe6 Bb6 32. c3 Nxd3 33. g3 a5 0-1

[Event "AUTO-ADV-1278"]
[Site "http://www.queenalice.com/game.php?id=566633"]
[Date "2009.4.4"]
[Round "1"]
[White "RIVAS"]
[Black "miseriapopular"]
[Result "1-0"]
[WhiteElo "2009"]
[BlackElo "1903"]

1. e4 e5 2. Nf3 Nc6 3. Bc4 h6 4. O-O Bc5 5. Nc3 Nf6 6. d3 a6 7. a4 d6 8. h3 O-O
9. Nd5 Be6 10. Be3 Ba7 11. Bxa7 Nxa7 12. Ne3 Nc6 13. c3 Na5 14. Bxe6 fxe6 15.
Qc2 Nh5 16. d4 exd4 17. cxd4 Nc6 18. d5 exd5 19. Nxd5 Nf6 20. Rfe1 Rc8 21. Rad1
Nxd5 22. exd5 Ne7 23. Nd4 Qd7 24. Ne6 Rf6 25. Qb3 c6 26. dxc6 Qe8 27. Rxd6 bxc6
28. Ng5+ Kh8 29. Rxf6 gxf6 30. Nf7+ Kg7 31. Nd6 Qd8 32. Nxc8 Nxc8 33. Qb7+ Kg6
34. Qxc6 Ne7 35. Qe4+ 1-0

[Event "AUTO-ADV-1278"]
[Site "http://www.queenalice.com/game.php?id=566634"]
[Date "2009.4.4"]
[Round "1"]
[White "miseriapopular"]
[Black "thw"]
[Result "1/2-1/2"]
[WhiteElo "1885"]
[BlackElo "1999"]

1. e4 e6 2. e5 d6 3. Nf3 dxe5 4. Nxe5 Bd6 5. Nf3 Nc6 6. Nc3 Nf6 7. Bc4 O-O 8.
O-O b6 9. d3 Bb7 10. Bg5 h6 11. Bh4 Be7 12. a3 Nh7 13. Bg3 Ng5 14. Nxg5 Bxg5 15.
Ne4 Na5 16. Nxg5 Nxc4 17. dxc4 Qxg5 18. f3 Rad8 19. Qe2 Rd2 20. Qe5 Qxe5 21.
Bxe5 Rxc2 22. Rac1 Rxc1 23. Rxc1 c5 24. Rd1 f6 25. Bg3 Rf7 26. Rd8+ Kh7 27. Bf4
e5 28. Bd2 e4 29. f4 Re7 30. Be3 f5 31. Kf2 Kg6 32. h3 Kf7 33. Rd6 g6 34. b3 h5
35. h4 Bc8 36. Ke2 Rd7 37. Rxd7+ Bxd7 38. g3 Ke6 39. Kd2 Kd6 40. Kc3 Kc6 41. Kb2
a6 42. Kc3 b5 43. cxb5+ axb5 44. b4 c4 45. Kd4 1/2-1/2

[Event "AUTO-ADV-1278"]
[Site "http://www.queenalice.com/game.php?id=566635"]
[Date "2009.4.4"]
[Round "1"]
[White "thw"]
[Black "miseriapopular"]
[Result "0-1"]
[WhiteElo "1997"]
[BlackElo "1861"]

1. e4 e5 2. Nf3 Nc6 3. Bb5 Nge7 4. O-O a6 5. Bxc6 Nxc6 6. d4 exd4 7. Nxd4 Nxd4
8. Qxd4 Qf6 9. e5 Qe6 10. c4 b6 11. Nc3 Bc5 12. Qe4 c6 13. b3 Bb7 14. Kh1 O-O
15. Be3 Bb4 16. Na4 Ba5 17. Nxb6 Bxb6 18. Bxb6 Rab8 19. Bc5 Rfe8 20. Bd6 Qxd6
0-1

[Event "AUTO-ADV-1278"]
[Site "http://www.queenalice.com/game.php?id=566636"]
[Date "2009.4.4"]
[Round "1"]
[White "miseriapopular"]
[Black "rodojr"]
[Result "1-0"]
[WhiteElo "1890"]
[BlackElo "1920"]

1. e4 e6 2. e5 c5 3. Nc3 a6 4. Nf3 Qc7 5. d4 cxd4 6. Qxd4 Nc6 7. Qf4 d6 8. exd6
Bxd6 9. Qd2 Nf6 10. Bd3 O-O 11. a3 Rd8 12. h4 e5 13. Ne4 Nxe4 14. Qe3 Nf6 15.
Be4 Nxe4 16. Qxe4 Nd4 17. Nxd4 exd4 18. O-O Be6 19. Bg5 Rd7 20. h5 h6 21. Bd2
Qc5 22. c3 1-0

[Event "AUTO-ADV-1278"]
[Site "http://www.queenalice.com/game.php?id=566637"]
[Date "2009.4.4"]
[Round "1"]
[White "rodojr"]
[Black "miseriapopular"]
[Result "0-1"]
[WhiteElo "1975"]
[BlackElo "1865"]

1. d4 d5 2. c4 Nf6 3. cxd5 Nxd5 4. e4 Nb6 5. Nc3 e6 6. Nf3 Bb4 7. Bg5 f6 8. Bf4
O-O 9. a3 Bxc3+ 10. bxc3 Kh8 11. Bd3 Nc6 12. O-O Bd7 13. a4 Na5 14. Nd2 Bc6 15.
Re1 Re8 16. e5 f5 17. Qh5 Rf8 18. Re3 Be8 19. Qd1 Nd5 20. Rf3 Bh5 0-1

[Event "AUTO-OPEN-1502"]
[Site "http://www.queenalice.com/game.php?id=566715"]
[Date "2009.4.4"]
[Round "1"]
[White "miseriapopular"]
[Black "PedroNRF"]
[Result "1-0"]
[WhiteElo "1852"]
[BlackElo "1685"]

1. e4 e5 2. Nf3 Qf6 3. Nc3 Ne7 4. Bc4 c6 5. a3 Ng6 6. h3 Bc5 7. d3 d6 8. Bg5
Qxf3 9. Qxf3 O-O 10. Qg3 a5 11. h4 Bd4 12. Ne2 Bxb2 13. Rb1 Bxa3 14. h5 Nh8 15.
Bh6 g6 16. hxg6 Nxg6 17. Qf3 Bb4+ 18. Kd1 b5 19. Qf6 1-0

[Event "AUTO-OPEN-1502"]
[Site "http://www.queenalice.com/game.php?id=566716"]
[Date "2009.4.4"]
[Round "1"]
[White "PedroNRF"]
[Black "miseriapopular"]
[Result "1-0"]
[WhiteElo "1767"]
[BlackElo "1886"]

1. d4 d5 2. Bf4 Nc6 3. e3 Bf5 4. Bd3 Be6 5. Nf3 Nf6 6. h3 h6 7. Nc3 g5 8. Bg3
Bg7 9. Nb5 Rc8 10. Nc3 a6 11. Na4 Nh5 12. Bh2 Bd7 13. Nc5 Nb4 14. Nxb7 Bb5 15.
Nxd8 Nxd3+ 16. cxd3 Kxd8 17. a4 Bd7 18. Rc1 e6 19. Be5 Bxe5 20. Nxe5 Ke7 21.
Qxh5 Be8 22. Nc6+ Kd6 23. Na7 Ra8 24. Rc6+ Bxc6 25. Nxc6 Kxc6 26. Qxf7 Kd6 27.
h4 g4 28. g3 h5 29. O-O Raf8 30. Qg6 Rfg8 31. Qf7 Rf8 32. Qg7 Rfg8 33. Qe5+ Kd7
34. e4 c6 35. exd5 cxd5 36. Rc1 Rc8 37. Qg7+ Kd6 38. Re1 Rce8 39. b4 1-0